[Event "Gorges op 29th"]
[Site "Gorges"]
[Date "2019.07.06"]
[Round "2"]
[White "Fache, Jacques"]
[Black "Roblin, Olivier"]
[Result "1-0"]
[WhiteElo "1604"]
[BlackElo "1360"]
[PlyCount "95"]
[EventDate "2019.07.05"]
[EventType "swiss"]
[EventRounds "5"]
[EventCountry "FRA"]
[SourceTitle "EXT 2020"]
[Source "ChessBase"]
[SourceDate "2019.10.17"]
[SourceVersion "1"]
[SourceVersionDate "2019.10.17"]
[SourceQuality "1"]

1. c4 c5 2. g3 Nc6 3. Bg2 d6 4. Nf3 Bf5 5. 0-0 Nf6 6. d3 e6 7. Nc3 Be7 8. Nh4 Bg4 9. a3 0-0 10. Nf3 a6 11. b4 cxb4 12. axb4 Qd7 13. b5 axb5 14. Rxa8 Rxa8 15. Nxb5 d5 16. cxd5 Nxd5 17. Bb2 Rc8 18. Nbd4 Nxd4 19. Bxd4 f6 20. e3 Qc7 21. Qb3 Kh8 22. h3 Bxf3 23. Bxf3 Qd7 24. Bg2 Ra8 25. Ra1 Rxa1+ 26. Bxa1 b5 27. Bd4 b4 28. e4 Nc7 29. Be3 Nb5 30. Bf1 h6 31. Qc4 e5 32. Bd2 Na3 33. Qb3 Qd6 34. Be2 Kh7 35. h4 Bf8 36. h5 Qe7 37. Bg4 Nb5 38. Bf5+ Kh8 39. Be3 Nc3 40. Kg2 Nb5 41. f4 Qc7 42. fxe5 fxe5 43. Qe6 Qe7 44. Qg6 Kg8 45. Qh7+ Kf7 46. Bxh6 Ke8 47. Qg6+ Kd8 48. Bg5 1-0